| 000 | 005580000a22001690004500 | ||
|---|---|---|---|
| 041 | 0 | _aSPA | |
| 082 | 0 | 4 | _aG 282.8 C3921i |
| 110 | 1 | _aCELAM | |
| 245 | 1 | 0 | _aLa iglesia y América Latina : Aportes pastorales desde el CELAM / Consejo Episcopal Latinoamericano |
| 260 | _aBogotá, Colombia : Secretariado General del CELAM | ||
| 500 | _aAuxiliar para la II Conferancia General del Episcopado Latiniamericano | ||
| 001 | 8790 | ||
| 942 | _cBK | ||
| 999 |
_c38908 _d38908 |
||
| 336 |
_atexto _btxt _2rdacontent |
||
| 337 |
_2rdamedia _asin mediación _bn |
||
| 338 |
_2rdacarrier _avolumen _bnc |
||